000 00989nam a22002417a 4500
008 240610b mp ||||| |||| 00| 0 mon d
020 _a978-99973-1-477-2
035 _a25335
040 _aUVS1285160
_bmon
_cMN-UlNLM
_dMN-UlNLM
_erda
041 _amon
042 _a75050
084 _2NNA
_a84(4Гер)-44
_bК 98
100 _aКэстнер Э.
245 0 _aГулливерийн аялал
264 _aУлаанбаатар хот
_bАдмон Принт ХХК
_c2017
300 _a126х.
336 _2rdacontent
_atext
_btxt
337 _2rdamedia
_aunmediated
_bn
338 _2rdacarrier
_avolume
_bnc
650 _aЭрих Кестнерын өгүүлсэн энэ зохиолд Гулливер одойчууд болон аварга биетэй хүмүүсийн оронд очиж байгаа тухай өгүүлдэг. Эдгээр том...
942 _2NNA
_cBK
999 _c948062
_d948119